000 00478nam a2200181Ia 4500
003 GCL
008 140319s9999 xx 000 0 ara d
040 _aGCL /
_cGCL
082 0 4 _a928.1
_bرع
245 1 0 _aعباس العقاد بين اليمين واليسار
300 _a400 ص
490 _a
650 0 4 _aالاحوال السياسية
650 0 4 _aالشيوعية
650 0 4 _aالتراجم
650 0 4 _aعباس محمود العقاد
942 _2ddc
_cBK
999 _c38263
_d38263